[Event "4NCL Division 1c"]
[Site "Birmingham, ENG"]
[Date "2016.03.20"]
[Round "8.143"]
[White "Zhou, Yang-Fan"]
[Black "Edouard, Romain"]
[Result "0-1"]
[WhiteElo "2465"]
[BlackElo "2620"]
[PlyCount "80"]
[EventDate "2016.03.20"]
[WhiteTeam "Guildford 2"]
[BlackTeam "Guildford 1"]

1. e4 e5 2. Nf3 Nc6 3. d4 exd4 4. Bc4 g6 5. Bg5 Be7 6. Bxe7 Qxe7 7. O-O Qc5 8.
Bb3 d6 9. c3 Bg4 10. cxd4 Qh5 11. Nc3 Bxf3 12. gxf3 Nf6 13. Nd5 Nxd5 14. Bxd5
Nd8 15. Kh1 O-O 16. Rg1 c6 17. Bb3 Ne6 18. Rg3 d5 19. exd5 cxd5 20. Qd2 Rfe8
21. Re1 Ng7 22. Re5 Rxe5 23. dxe5 Qxe5 24. Qxd5 Qxd5 25. Bxd5 Rd8 26. Bxb7 Rd2
27. Rg4 Rxb2 28. Bd5 Rxf2 29. Ra4 Nf5 30. Kg1 Rd2 31. Be4 Ne3 32. Rxa7 f5 33.
Bb7 Kg7 34. a4 Rg2+ 35. Kh1 Kh6 36. h4 Kh5 37. Bc6 Kxh4 38. Rxh7+ Kg3 39. Rh6
Rc2 40. Rxg6+ Ng4 0-1

[Event "4NCL Division 1c"]
[Site "Birmingham, ENG"]
[Date "2016.03.20"]
[Round "8.144"]
[White "Le Roux, Jean-Pierre"]
[Black "Suarez Real, Alberto"]
[Result "1/2-1/2"]
[WhiteElo "2562"]
[BlackElo "2410"]
[PlyCount "74"]
[EventDate "2016.03.20"]
[WhiteTeam "Guildford 1"]
[BlackTeam "Guildford 2"]

1. Nf3 Nf6 2. g3 g6 3. b3 Bg7 4. Bb2 O-O 5. Bg2 d6 6. d4 e5 7. dxe5 Ng4 8. Nc3
Nxe5 9. Nxe5 Bxe5 10. O-O Nd7 11. f4 Bg7 12. e4 Nf6 13. Qd2 Bd7 14. Rae1 Bc6
15. e5 dxe5 16. Qxd8 Raxd8 17. Bxc6 bxc6 18. fxe5 Ng4 19. Ne4 Rfe8 20. Nf6+
Nxf6 21. exf6 Bf8 22. Rxe8 Rxe8 23. Rd1 Bd6 24. Kf1 Re4 25. Kf2 h5 26. Kf3 Re6
27. h3 Kh7 28. g4 g5 29. c4 Kg6 30. Bc3 hxg4+ 31. hxg4 Bf4 32. Rd3 c5 33. Kf2
Ra6 34. a4 Rb6 35. Bb2 Rb8 36. Kf3 Re8 37. Bc3 Re6 1/2-1/2

[Event "4NCL Division 1c"]
[Site "Birmingham, ENG"]
[Date "2016.03.20"]
[Round "8.145"]
[White "Kilpatrick, Callum"]
[Black "Pert, Nicholas"]
[Result "1/2-1/2"]
[WhiteElo "2352"]
[BlackElo "2574"]
[PlyCount "74"]
[EventDate "2016.03.20"]
[WhiteTeam "Guildford 2"]
[BlackTeam "Guildford 1"]

1. e4 c5 2. Nf3 Nc6 3. Bb5 Nf6 4. e5 Nd5 5. O-O Nc7 6. Bxc6 dxc6 7. h3 g6 8.
Re1 Bg7 9. c3 Qd3 10. Re3 Qd5 11. d4 Bf5 12. Qb3 cxd4 13. cxd4 Qxb3 14. Rxb3
O-O-O 15. Nc3 b5 16. Ne2 c5 17. Bg5 f6 18. exf6 exf6 19. Bf4 c4 20. Bxc7 cxb3
21. Bxd8 Rxd8 22. axb3 Kb7 23. Nc3 a6 24. Re1 Rd7 25. Re8 Bh6 26. g4 Bc2 27.
Ne4 Bxe4 28. Rxe4 Kc6 29. Re2 Kd5 30. Rc2 Bf4 31. Kf1 Ke4 32. Ke2 Re7 33. Rc3
a5 34. Rd3 Kd5+ 35. Kd1 Ke4 36. Ke2 Kd5+ 37. Kd1 Ke4 1/2-1/2

[Event "4NCL Division 1c"]
[Site "Birmingham, ENG"]
[Date "2016.03.20"]
[Round "8.146"]
[White "Smerdon, David C"]
[Black "Wadsworth, Matthew J"]
[Result "1/2-1/2"]
[WhiteElo "2521"]
[BlackElo "2312"]
[PlyCount "190"]
[EventDate "2016.03.20"]
[WhiteTeam "Guildford 1"]
[BlackTeam "Guildford 2"]

1. e4 e6 2. d4 d5 3. Nd2 Nf6 4. e5 Nfd7 5. Bd3 c5 6. Ngf3 cxd4 7. O-O Nc6 8.
Re1 g6 9. Nb3 Bg7 10. Bf4 Qb6 11. h4 h6 12. a4 a6 13. a5 Qb4 14. g4 g5 15. hxg5
hxg5 16. Bg3 Rh3 17. Kg2 Rxg3+ 18. Kxg3 Ndxe5 19. Nxg5 Bh6 20. Nh7 Nxd3 21.
Qxd3 Qd6+ 22. Kg2 Qf4 23. Qg3 Ke7 24. Rad1 Qxg3+ 25. Kxg3 Bd7 26. Nxd4 Nxd4 27.
Rxd4 Bc6 28. g5 Bg7 29. Nf6 Bxf6 30. gxf6+ Kxf6 31. Rf4+ Ke7 32. Rg4 Rh8 33. f4
Kf6 34. Rh4 Rxh4 35. Kxh4 Kf5 36. Kg3 f6 37. c3 e5 38. fxe5 fxe5 39. Kf2 d4 40.
cxd4 exd4 41. Re7 Kf6 42. Re2 Kf5 43. Re7 Kf6 44. Re2 Kf5 45. Ke1 Be4 46. Rh2
Ke5 47. Rh5+ Kd6 48. Kd2 Ke6 49. Ke2 Kd6 50. Kf2 Bd5 51. Kg3 d3 52. Kf2 d2 53.
Rh6+ Kc5 54. Ke2 Kb4 55. Rh4+ Kb3 56. Kxd2 Kxb2 57. Rd4 Bc6 58. Rd3 Bb5 59. Rc3
Bf1 60. Rg3 Bb5 61. Re3 Bc6 62. Rh3 Bb5 63. Rg3 Bc4 64. Rg6 Kb3 65. Rb6+ Ka4
66. Rxb7 Kxa5 67. Kc3 Bb5 68. Rb8 Ba4 69. Rh8 Bb5 70. Rh6 Be2 71. Rh2 Bb5 72.
Kd4 Kb4 73. Rb2+ Ka4 74. Kc3 Ka5 75. Kd4 Ka4 76. Rb1 Ka5 77. Kc5 Ka4 78. Rb2
Ka3 79. Rb4 Bd3 80. Rh4 Kb3 81. Rh3 Kc3 82. Rg3 a5 83. Rg4 Bc2 84. Rg7 a4 85.
Ra7 Bb3 86. Kb5 Bc2 87. Ra8 Bb3 88. Rh8 a3 89. Rh3+ Kb2 90. Kb4 a2 91. Rxb3+
Kc2 92. Rc3+ Kb2 93. Rb3+ Kc2 94. Ra3 Kb2 95. Rxa2+ Kxa2 1/2-1/2

[Event "4NCL Division 1c"]
[Site "Birmingham, ENG"]
[Date "2016.03.20"]
[Round "8.147"]
[White "Ciuksyte, Dagne"]
[Black "Hebden, Mark L"]
[Result "1/2-1/2"]
[WhiteElo "2328"]
[BlackElo "2471"]
[PlyCount "100"]
[EventDate "2016.03.20"]
[WhiteTeam "Guildford 2"]
[BlackTeam "Guildford 1"]

1. e4 e5 2. Nf3 Nc6 3. Bb5 a6 4. Ba4 Nf6 5. O-O Be7 6. Re1 b5 7. Bb3 O-O 8. h3
d6 9. c3 Na5 10. Bc2 c5 11. d4 Qc7 12. Nbd2 Be6 13. d5 Bd7 14. b3 g6 15. Nf1
Nh5 16. Bh6 Ng7 17. Kh2 c4 18. b4 Nb7 19. g4 a5 20. a3 Ra6 21. Ng3 Rfa8 22. Qc1
f6 23. Rg1 Nd8 24. Bxg7 Kxg7 25. Nh5+ gxh5 26. gxh5+ Kf7 27. Qh6 Bf8 28. Qxh7+
Ke8 29. h6 Nf7 30. Rg7 Qa7 31. Rf1 Nxh6 32. Qg6+ Kd8 33. Qxf6+ Kc7 34. Ng5 Bxg7
35. Qxg7 axb4 36. axb4 Ra2 37. Ne6+ Kb6 38. Qxh6 Rxc2 39. Nd4 Kc7 40. Nxc2 Qa2
41. Ne3 Qe2 42. Qg7 Qd3 43. Qh7 Ra2 44. Kg1 Qxc3 45. h4 Re2 46. Qe7 Rxe3 47.
fxe3 Qxe3+ 48. Kh2 Qe2+ 49. Kg1 Qxe4 50. Rf8 Qe1+ 1/2-1/2

[Event "4NCL Division 1c"]
[Site "Birmingham, ENG"]
[Date "2016.03.20"]
[Round "8.148"]
[White "Milliet, Sophie"]
[Black "Kalaiyalahan, Akshaya"]
[Result "1-0"]
[WhiteElo "2360"]
[BlackElo "2144"]
[PlyCount "67"]
[EventDate "2016.03.20"]
[WhiteTeam "Guildford 1"]
[BlackTeam "Guildford 2"]

1. e4 c5 2. Nf3 e6 3. Nc3 Nc6 4. Bb5 a6 5. Bxc6 dxc6 6. d3 Nf6 7. Bg5 h6 8. Bh4
Be7 9. e5 Nd7 10. Bxe7 Qxe7 11. Ne4 O-O 12. O-O Rd8 13. Qc1 b6 14. a4 a5 15. b3
Ba6 16. Re1 Nf8 17. h4 Ng6 18. h5 Nh4 19. Qf4 Nxf3+ 20. Qxf3 Rac8 21. Qg4 Kh8
22. Re3 Rd4 23. f4 Rcd8 24. Rg3 Qf8 25. Nd6 Rd7 26. Re1 Re7 27. Ree3 Qg8 28. c3
Rd5 29. f5 exf5 30. Nxf5 Red7 31. c4 Rd4 32. Nxd4 Rxd4 33. Re4 Bc8 34. Qf3 1-0